| 000 | 00730cam a2200217 a 4500 | ||
|---|---|---|---|
| 001 | 000003091 | ||
| 005 | 20200929150327.0 | ||
| 008 | 780928s1974 ve 001 p spa | ||
| 040 |
_aDO-SdBNP _cDLC _dDLC |
||
| 082 |
_aV861.4408 _bB532a |
||
| 100 | 1 |
_aBeroes, Juan, _d1914-1975. _99758 |
|
| 245 | 1 | 0 |
_aAntología poética / _cJuan Beroes ; prólogo y selección de José Ramón Medina. |
| 260 |
_aCaracas : _bMonte Avila., _c1974. |
||
| 300 |
_axxxii, 255 p. ; _c20 cm. |
||
| 440 | 0 |
_aColección Altazor _99759 |
|
| 650 | 4 |
_aPoesía venezolana _94230 |
|
| 650 | 4 |
_aLiteratura venezolana _93816 |
|
| 700 | 1 |
_aMedina, José Ramón _d1921- _epról. _99760 |
|
| 910 | _aCatalogación por copia / LC | ||
| 910 | _aJornada de catalogación | ||
| 999 |
_c2922 _d2922 |
||